Disney animation : the illusion of life

Bibliographic Details
Main Author: Thomas, Frank
Other Authors: JOHNSTON, Ollie
Format: Book
Published: New York : Abbeville Press , 1981
Subjects:

MARC

LEADER 00000cam a2200000 7i4500
001 0000000017
002 000000025
005 20000330.0
020 |a 0896592324 
090 0 0 |a 741.580979494   |b THO 
100 1 |a Thomas, Frank 
245 1 0 |a Disney animation :   |b the illusion of life   |c Frank Thomas and Ollie Johnston 
260 |a New York :   |b Abbeville Press ,   |c 1981 
300 |a 575p. :   |b ill. ;   |c 26cm. 
650 0 0 |a Moving   |x Picture cartoon   |z United States 
700 0 |a JOHNSTON, Ollie 
740 0 |a Disney animation 
999 |a 016227   |b BUKU   |c PINJAMAN   |e PERPUSTAKAAN KOMUNITI PETALING JAYA 
999 |a 16227   |b BUKU   |c RUJUKAN   |e PERPUSTAKAAN KOMUNITI PETALING JAYA